000 00903nam a22002657a 4500
001 BR0704731
003 BR-BrBNA
005 20230928102528.0
007 ta
008 230509b bl.||||| |||| 00| 0 por d
040 _aBR-BrBNA
_bpor
_cBiblioteca Nacional de Agricultura
041 _a(Por)
072 _aL70
_b5212
090 _ 5212 BR0704731
100 1 _aVillares, J.B.
110 1 _aSecretaria da Agricultura, Indústria e Comércio do Estado de São Paulo, São Paulo (Brasil). Diretoria de Publicidade Agrícola
245 1 _aOs banheiros carrapaticidas; como se aumenta a sua eficiência
260 3 _aSão Paulo, SP (Brasil):
_c1943.
300 _a10 p.
500 _aReprint of "Boletim de Agricultura" single no. 1941; Documento microfilmado e tratado BR7316368
650 _aBOVINO
650 _aBANHEIRA CARRAPATICIDA
909 _a202309
_bLucia
_c55
_dLucia Elande
942 _cBK
999 _c71224
_d71224